| Tag |
First Indicator |
Second Indicator |
Subfields |
| LEADER |
00000cam a2200000 a 4500 |
| 001 |
in00000019538 |
| 005 |
20151007053639.0 |
| 008 |
861125c19861984knu b 00110 eng d |
| 020 |
|
|
|a 0700602933
|
| 035 |
|
|
|a (OCoLC)14875341
|
| 035 |
|
|
|9 AAB2349AM
|
| 040 |
|
|
|a TXR
|c TXR
|d m/c
|d TXA
|d UtOrBLW
|
| 049 |
|
|
|a TXAM
|c [A11097732]
|
| 050 |
|
4 |
|a E332.2
|b .M37 1986
|
| 082 |
0 |
|
|a 973.4/6/0924
|
| 100 |
1 |
|
|a Matthews, Richard K.,
|d 1952-
|
| 245 |
1 |
4 |
|a The radical politics of Thomas Jefferson :
|b a revisionist view /
|c Richard K. Matthews.
|
| 264 |
|
1 |
|a Lawrence, Kan. :
|b University Press of Kansas,
|c 1986
|
| 264 |
|
4 |
|c ©1984
|
| 300 |
|
|
|a xi, 171 pages ;
|c 22 cm.
|
| 336 |
|
|
|a text
|b txt
|2 rdacontent
|
| 337 |
|
|
|a unmediated
|b n
|2 rdamedia
|
| 338 |
|
|
|a volume
|b nc
|2 rdacarrier
|
| 504 |
|
|
|a Bibliography: pages 157-165.
|
| 500 |
|
|
|a Includes index.
|
| 600 |
1 |
0 |
|a Jefferson, Thomas,
|d 1743-1826
|x Political and social views.
|
| 650 |
|
0 |
|a Political science
|z United States
|x History
|y 18th century.
|
| 650 |
|
0 |
|a Political science
|z United States
|x History
|y 19th century.
|
| 999 |
|
|
|a MARS
|
| 999 |
f |
f |
|s fea4a747-13cf-3580-87d2-31d3438d1901
|i 911068c6-ff50-3b2a-bada-cebe9ba49ac8
|t 0
|
| 952 |
f |
f |
|p normal
|a Texas A&M University
|b College Station
|c Sterling C. Evans Library
|d Evans: Library Stacks
|t 0
|e E332.2 .M37 1986
|h Library of Congress classification
|i unmediated -- volume
|m A14811097732
|
| 998 |
f |
f |
|a E332.2 .M37 1986
|t 0
|l Evans: Library Stacks
|